Music Quiz

Random Music or Clickable Quiz

Country by Artist/Band Quiz Stats

Quiz not verified by Sporcle

Challenge
Share
Tweet
Score 0/35 Timer 10:00
0 Plays Today
% Correct
Bob Marley
94.4%
The Beatles
94.4%
U2
93.5%
Green Day
93.5%
AC/DC
92.6%
Bryan Adams
91.7%
Andrea Bocelli
88.9%
Shakira
88.9%
Psy
88.9%
Carlos Santana
87%
Julio Iglesias
85.2%
Ravi Shankar
82.4%
Kyu Sakamoto
81.5%
Daft Punk
76.9%
Nena
75.9%
Simple Minds
74.1%
Roxette
73.1%
Youssou N'Dour
72.2%
% Correct
Falco
72.2%
Sigur Ros
72.2%
Duffy
70.4%
Crowded House
69.4%
Ladysmith Black Mambazo
65.7%
Sepultura
64.8%
Golden Earring
63.9%
The Rasmus
62%
Mercedes Sosa
62%
Volbeat
59.3%
Tarkan
58.3%
DJ Bobo
58.3%
O-Zone
58.3%
dEUS
56.5%
Kings Of Convenience
56.5%
Vicky Leandros
56.5%
Wes
53.7%

You're not logged in!

Compare scores with friends on all Sporcle quizzes.
Join for Free
OR
Log In

You Might Also Like...

Show Comments

Extras

Top Quizzes Today


Score Distribution

Your Account Isn't Verified!

In order to create a playlist on Sporcle, you need to verify the email address you used during registration. Go to your Sporcle Settings to finish the process.

Report this User

Report this user for behavior that violates our Community Guidelines.

Details: